A thousand years of nonlinear history / (Record no. 352733)
[ view plain ]
| 000 -LEADER | |
|---|---|
| fixed length control field | 00988 a2200313 4500 |
| 003 - CONTROL NUMBER IDENTIFIER | |
| control field | OSt |
| 005 - DATE AND TIME OF LATEST TRANSACTION | |
| control field | 20180116192343.0 |
| 008 - FIXED-LENGTH DATA ELEMENTS--GENERAL INFORMATION | |
| fixed length control field | 120529t xxu||||| |||| 00| 0 eng d |
| 010 ## - LIBRARY OF CONGRESS CONTROL NUMBER | |
| LC control number | 96038752 |
| 020 ## - INTERNATIONAL STANDARD BOOK NUMBER | |
| International Standard Book Number | 0942299310 |
| 020 ## - INTERNATIONAL STANDARD BOOK NUMBER | |
| International Standard Book Number | 0942299329 (pbk.) |
| 020 ## - INTERNATIONAL STANDARD BOOK NUMBER | |
| International Standard Book Number | 9780942299328 |
| 040 ## - CATALOGING SOURCE | |
| Transcribing agency | 0 |
| 082 00 - DEWEY DECIMAL CLASSIFICATION NUMBER | |
| Classification number | 501 |
| 100 1# - MAIN ENTRY--PERSONAL NAME | |
| Personal name | De Landa, Manuel. |
| 9 (RLIN) | 2433 |
| 245 12 - TITLE STATEMENT | |
| Title | A thousand years of nonlinear history / |
| Statement of responsibility, etc. | Manuel DeLanda. |
| 260 ## - PUBLICATION, DISTRIBUTION, ETC. | |
| Place of publication, distribution, etc. | New York : |
| Name of publisher, distributor, etc. | Zone Books, |
| Date of publication, distribution, etc. | 1997. |
| 300 ## - PHYSICAL DESCRIPTION | |
| Extent | 333 p. : |
| Dimensions | 24 cm. |
| 440 #0 - SERIES STATEMENT/ADDED ENTRY--TITLE | |
| Title | Swerve editions |
| 9 (RLIN) | 2434 |
| 650 #0 - SUBJECT ADDED ENTRY--TOPICAL TERM | |
| Topical term or geographic name entry element | Science |
| General subdivision | Philosophy |
| -- | History. |
| 9 (RLIN) | 2435 |
| 650 #0 - SUBJECT ADDED ENTRY--TOPICAL TERM | |
| Topical term or geographic name entry element | Nonlinear theories |
| General subdivision | History. |
| 9 (RLIN) | 2436 |
| 650 #0 - SUBJECT ADDED ENTRY--TOPICAL TERM | |
| Topical term or geographic name entry element | Philosophy |
| General subdivision | History. |
| 9 (RLIN) | 2437 |
| 650 #0 - SUBJECT ADDED ENTRY--TOPICAL TERM | |
| Topical term or geographic name entry element | Geology |
| General subdivision | History. |
| 9 (RLIN) | 2438 |
| 650 #0 - SUBJECT ADDED ENTRY--TOPICAL TERM | |
| Topical term or geographic name entry element | Biology |
| General subdivision | History. |
| 9 (RLIN) | 2439 |
| 650 #0 - SUBJECT ADDED ENTRY--TOPICAL TERM | |
| Topical term or geographic name entry element | Linguistics |
| General subdivision | History. |
| 9 (RLIN) | 2440 |
| 942 ## - ADDED ENTRY ELEMENTS (KOHA) | |
| Institution code [OBSOLETE] | SADA |
| Koha item type | Book |
| Call number prefix | 501 DEL 1997 |
| Source of classification or shelving scheme | |
| Withdrawn status | Lost status | Source of classification or shelving scheme | Damaged status | Not for loan | Permanent Location | Current Location | Date acquired | Total Checkouts | Total Renewals | Full call number | Barcode | Date last seen | Date last checked out | Copy number | Cost, replacement price | Price effective from | Koha item type |
|---|---|---|---|---|---|---|---|---|---|---|---|---|---|---|---|---|---|
| School of Art Design and Architecture (SADA) | School of Art Design and Architecture (SADA) | 04/07/2011 | 6 | 8 | 501 DEL 1997 | SADA0000723 | 02/28/2014 | 02/11/2014 | 01 | 1632.00 | 08/05/2011 | Book | |||||
| School of Art Design and Architecture (SADA) | School of Art Design and Architecture (SADA) | 07/18/2013 | 501 DEL 1997 | SADA0002015 | 07/26/2013 | 02 | 379.00 | 07/26/2013 | Book | ||||||||
| School of Art Design and Architecture (SADA) | School of Art Design and Architecture (SADA) | 07/18/2013 | 501 DEL 1997 | SADA0002016 | 01/05/2017 | 03 | 09/01/2027 | Book | |||||||||
| School of Art Design and Architecture (SADA) | School of Art Design and Architecture (SADA) | 07/18/2013 | 501 DEL 1997 | SADA0002017 | 01/05/2017 | 04 | 279.00 | 01/05/2017 | Book | ||||||||
| School of Art Design and Architecture (SADA) | School of Art Design and Architecture (SADA) | 07/18/2013 | 501 DEL 1997 | SADA0002018 | 01/05/2017 | 05 | 279.00 | 01/05/2017 | Book | ||||||||
| School of Art Design and Architecture (SADA) | School of Art Design and Architecture (SADA) | 07/18/2013 | 501 DEL 1997 | SADA0002019 | 01/05/2017 | 06 | 279.00 | 01/05/2017 | Book |
